000 00334nam a2200145 i 4500
001 bg
100 1 _aZIEMBIŃSKI, Zygmunt
245 0 _aLogika praktyczna /
_cZ. Ziembiński.
250 _aWyd.12 popr.
260 _aWarszawa,
_c1984.
040 _cBPK
041 _apol
942 _cKS
008 s pl f |000 0 pol
999 _c22479
_d22479
856 _uhttp://koha.tu.koszalin.pl/cgi-bin/koha/opac-detail.pl?biblionumber=22479
_yKatalog online BPK